<?xml version="1.0" encoding="UTF-8"?>
<collection xmlns="http://www.loc.gov/MARC21/slim">
 <record>
  <leader>02735nam a22002895a 4500</leader>
  <controlfield tag="001">CEM.cems017231</controlfield>
  <controlfield tag="005">20090901115446.0</controlfield>
  <controlfield tag="008">130507s2007##################000#0#####d</controlfield>
  <controlfield tag="003">CEMS</controlfield>
  <datafield tag="020" ind1=" " ind2=" ">
   <subfield code="a">978987212428</subfield>
  </datafield>
  <datafield tag="082" ind1="0" ind2="4">
   <subfield code="a">633.31</subfield>
  </datafield>
  <datafield tag="100" ind1="1" ind2=" ">
   <subfield code="a">Basigalup, Daniel H.</subfield>
  </datafield>
  <datafield tag="245" ind1="1" ind2="0">
   <subfield code="a">El cultivo de la alfalfa en la argentina /</subfield>
   <subfield code="c">Daniel H. Basigalup</subfield>
  </datafield>
  <datafield tag="260" ind1=" " ind2=" ">
   <subfield code="a">Buenos Aires :</subfield>
   <subfield code="b">Inta,</subfield>
   <subfield code="c">2007</subfield>
  </datafield>
  <datafield tag="300" ind1=" " ind2=" ">
   <subfield code="a">476 p.</subfield>
  </datafield>
  <datafield tag="505" ind1="0" ind2=" ">
   <subfield code="a">Panorama actual de la alfalfa en la Argentina / Daniel Basigalup y Roberto Rossanigo -- Morfología de la alfalfa / Nora Rodríguez y María del Carmen Spada -- Uso del agua y la radiación para producción de forraje/ Daniel Collino, Julio Dardanelli y Marcos De Luca -- Nutrición nitrogenada de la alfalfa e impacto de la fijación simbiótica del nitrógeno / Roberto Racca y Norma González -- Mejoramiento genético y desarrollo de variedades / Daniel Basigalup -- Biotecnología aplicada al mejoramiento genético de alfalfa / Raúl Ríos, Fernando Ardilla, Elba Pagano, María Cristina Gómez y Pascual Franzone -- Evaluación de cultivares y panorama varietal / María del Carmen Spada -- La siembra directa de alfalfa en los sistemas ganaderos -- Manejo integrado de plagas de la alfalfa / Jorge Aragón y José M. Imwinkelried -- Malezas de la alfalfa/ Nicasio Rodríguez, Héctor Rainero, Nora Rodríguez, Mario Vigna, Ricardo López, Carolina Istilart y Jorgelina Montoya -- Fertilización y encalado en alfalfa / Martín DíazZorita y Sebastián Gambaudo -- Crecimiento y manejo de la defoliación / Carlos Cangiano -- Manejo y utilización de pasturas de alfalfa en producción de carne / Andrés Kloster y Marcos Zaniboni -- Utilización de la alfalfa por vacas lecheras en pastoreo / Eduardo Comerón y Luis Romero -- Suplementación en pasturas de alfalfa para la paroducción de carne -- Producción de heno, silaje y henolaje de alfalfa / Néstor Juan y Enrique Viviani Rossi -- Meteorismo espumoso (empaste) en pastoreso / Patricio Davies, Alicia Dillon y Daniel Méndez -- Producción de semilla de alfalfa / Carlos Moschetti, Enrique Martínez, Eduardo Echeverría y Leandro M. Ávalos -- Enfermedades de la alfalfa y abordaje molecular de la selección por resistencia / Jorge O. Gieco, María V. Moreno y Daniel H. Basigalup</subfield>
  </datafield>
  <datafield tag="653" ind1=" " ind2=" ">
   <subfield code="a">Alfalfa</subfield>
  </datafield>
  <datafield tag="653" ind1=" " ind2=" ">
   <subfield code="a">Alfalfa-cultivo</subfield>
  </datafield>
  <datafield tag="653" ind1=" " ind2=" ">
   <subfield code="a">Alfalfa-variedades</subfield>
  </datafield>
  <datafield tag="653" ind1=" " ind2=" ">
   <subfield code="a">Alfalfa-manejo del cultivo</subfield>
  </datafield>
  <datafield tag="653" ind1=" " ind2=" ">
   <subfield code="a">Alfalfa-fitomejoramiento</subfield>
  </datafield>
  <datafield tag="653" ind1=" " ind2=" ">
   <subfield code="a">Alfalfa-siembra directa</subfield>
  </datafield>
  <datafield tag="653" ind1=" " ind2=" ">
   <subfield code="a">Alfalfa-control de plagas</subfield>
  </datafield>
  <datafield tag="653" ind1=" " ind2=" ">
   <subfield code="a">Alfalfa-control de enfermedades</subfield>
  </datafield>
  <datafield tag="653" ind1=" " ind2=" ">
   <subfield code="a">Alfalfa-aplicaciÓn de abonos</subfield>
  </datafield>
  <datafield tag="653" ind1=" " ind2=" ">
   <subfield code="a">Alfalfa-alimentaciÓn de los animales</subfield>
  </datafield>
  <datafield tag="859" ind1=" " ind2=" ">
   <subfield code="a">CEMS</subfield>
   <subfield code="b">BIB. CEMS - Agricultura</subfield>
   <subfield code="h">633.31</subfield>
   <subfield code="i">B292</subfield>
   <subfield code="p">A0976.09</subfield>
   <subfield code="t">Ej.1</subfield>
  </datafield>
 </record>
</collection>
